000 00571nam a2200205Ia 4500
005 20250508150651.0
008 008 250505s9999 xx 000 0 eng d
037 _aTextual
040 _aFEDL
_beng
_cFEDL
041 _aeng
_2eng
084 _a155.2, HAV
_qFEDL
100 _aHavighurst Robert J.
245 0 _aAdolescent character and personality
260 _aNew York, USA
_bJohn Wiley and Sons
_c1949
300 _ax,315p.
650 _aPersonality
700 _a Taba Hilda
_9757325
942 _cTEXL
_h155.2, HAV
999 _c1324926
_d1324926